| 000 | 00655nam a2200205 a 4500 | ||
|---|---|---|---|
| 005 | 20230126063541.0 | ||
| 008 | 140403s2003 mx r 000 0 spa d | ||
| 020 | _a8495939460 | ||
| 035 | _aUPN01000196835 | ||
| 049 | _aI | ||
| 050 | 4 |
_aGR540 _bP5.4 |
|
| 100 | 1 |
_aPhillpotts, Beatrice _935523 |
|
| 245 | 1 | 0 |
_aLibro de los hechizos del mago / _cBeatrice Phillpotts ; il. Robert Ingpen ; tr. de Remedios Diéguez Diéguez. |
| 260 |
_aBarcelona, Esp. : _bBlume, _cc2003. |
||
| 300 |
_a95 p. : _bil. col. |
||
| 534 |
_pTítulo original : _tThe Wizard's Bookof Spells : |
||
| 650 | 4 |
_aENCANTAMIENTOS _923101 |
|
| 650 | 2 |
_aMagia _910194 |
|
| 905 | _aInfantil | ||
| 999 |
_c168936 _d168936 |
||